[Event "Oberfranken-ch U14 0405"]
[Site "Schney"]
[Date "2005.01.03"]
[Round "5"]
[White "Angermann, Fabian"]
[Black "Kilincsoy, Ege"]
[Result "1-0"]
[WhiteElo "1458"]
[BlackElo "1044"]
[PlyCount "95"]
[EventDate "2005.01.02"]
[EventType "swiss"]
[EventRounds "7"]
[EventCountry "GER"]
[SourceTitle "EXT 2007"]
[Source "ChessBase"]
[SourceDate "2006.11.23"]
[SourceVersion "1"]
[SourceVersionDate "2006.11.23"]
[SourceQuality "1"]

1. Nf3 Nc6 2. d3 e5 3. g3 Nf6 4. Bg2 Bc5 5. 0-0 d6 6. Nbd2 Bg4 7. h3 Be6 8. e4 Qd7 9. Kh2 0-0-0 10. a3 Bd4 11. c3 Bb6 12. b4 a6 13. c4 Ba7 14. Nb3 Nb8 15. Be3 Bxe3 16. fxe3 Qc6 17. Ng5 b6 18. Nxe6 fxe6 19. Qc2 d5 20. exd5 exd5 21. Rfc1 Rd7 22. Qe2 Qd6 23. c5 bxc5 24. Rxc5 c6 25. Rac1 Rc7 26. Na5 Kd7 27. h4 Ke7 28. d4 e4 29. Bh3 Rf8 30. Rf1 Nfd7 31. Rcc1 Rxf1 32. Rxf1 Nf6 33. Nb3 Kf8 34. Nc5 Rf7 35. Be6 Re7 36. Qg4 Ke8 37. Qf5 Kd8 38. Kg2 h6 39. g4 Re8 40. Nb7+ Kc7 41. Nxd6 Kxd6 42. Qe5+ Ke7 43. Bf5+ Kd8 44. Qxb8+ Ke7 45. Qc7+ Kf8 46. Bg6 Re7 47. Qd8+ Re8 48. Qxe8# 1-0

[Event "Oberfranken-ch U14 0405"]
[Site "Schney"]
[Date "2005.01.02"]
[Round "2"]
[White "Horter, Christian"]
[Black "Angermann, Fabian"]
[Result "0-1"]
[WhiteElo "888"]
[BlackElo "1458"]
[PlyCount "76"]
[EventDate "2005.01.02"]
[EventType "swiss"]
[EventRounds "7"]
[EventCountry "GER"]
[SourceTitle "EXT 2007"]
[Source "ChessBase"]
[SourceDate "2006.11.23"]
[SourceVersion "1"]
[SourceVersionDate "2006.11.23"]
[SourceQuality "1"]

1. d4 d6 2. e4 Nf6 3. f3 g6 4. Bd3 Bg7 5. Ne2 0-0 6. Nbc3 Nbd7 7. Be3 e5 8. Qd2 exd4 9. Nxd4 c5 10. Ndb5 Ne5 11. 0-0-0 a6 12. Na3 b5 13. Nd5 Nxd5 14. exd5 Bb7 15. f4 Nxd3+ 16. Qxd3 Qf6 17. c3 Bc8 18. h3 Bf5 19. Qe2 Be4 20. Rhf1 Rae8 21. g4 Rc8 22. Bf2 Qxf4+ 23. Be3 Qe5 24. Bf4 Qe7 25. Qh2 Be5 26. Rfe1 Bf3 27. Rd3 Bxf4+ 28. Qxf4 Qxe1+ 29. Kc2 Qe2+ 30. Rd2 Qe4+ 31. Qxe4 Bxe4+ 32. Kb3 Rb8 33. Nc2 a5 34. a4 Bxc2+ 35. Rxc2 bxa4+ 36. Kxa4 Rb7 37. b3 Rfb8 38. b4 axb4 0-1

[Event "Bayern-ch U12"]
[Site "Mimberg"]
[Date "2002.04.03"]
[Round "4"]
[White "Angermann, Fabian"]
[Black "Zehnter, Sebastian"]
[Result "0-1"]
[WhiteElo "1222"]
[BlackElo "1479"]
[PlyCount "114"]
[EventDate "2002.04.??"]
[EventType "swiss"]
[EventRounds "7"]
[EventCountry "GER"]
[SourceTitle "EXT 2004"]
[Source "ChessBase"]
[SourceDate "2003.11.25"]
[SourceVersion "1"]
[SourceVersionDate "2003.11.25"]
[SourceQuality "1"]

1. e4 e6 2. d4 d5 3. Nc3 Nf6 4. Bd3 Be7 5. Nf3 0-0 6. 0-0 dxe4 7. Nxe4 Nc6 8. c3 b6 9. Bg5 Bb7 10. Re1 Nxe4 11. Bxe7 Qxe7 12. Bxe4 Rfd8 13. Qc2 g6 14. Ne5 Nxe5 15. Bxb7 Rab8 16. Rxe5 Rxb7 17. Qe4 Rbb8 18. d5 exd5 19. Rxe7 dxe4 20. Rxe4 Rd2 21. b3 Rc2 22. Rc4 c5 23. a4 Rd8 24. Re1 Rdd2 25. Rf1 Rd3 26. Re4 Rcxc3 27. Re8+ Kg7 28. Re7 Rxb3 29. Rxa7 Ra3 30. Rb7 Rdb3 31. h3 Rxa4 32. Rc1 Rab4 33. Ra1 Rb1+ 34. Rxb1 Rxb1+ 35. Kh2 c4 36. Rc7 Rc1 37. Rb7 Rb1 38. Rc7 b5 39. Rc5 Rb3 40. Kg1 c3 41. Kf1 Rb1+ 42. Ke2 b4 43. Kd3 Rb2 44. Rc4 Rxf2 45. Rxb4 Rxg2 46. Kxc3 Rg3+ 47. Kd2 Rxh3 48. Ke2 f5 49. Rf4 Kf6 50. Kf2 g5 51. Ra4 Kg6 52. Ra6+ Kh5 53. Ra7 h6 54. Ra5 Kg4 55. Ra4+ f4 56. Kg2 Rg3+ 57. Kf2 h5 0-1

[Event "Bayern-ch U12"]
[Site "Mimberg"]
[Date "2002.04.02"]
[Round "2"]
[White "Angermann, Fabian"]
[Black "Allig, Daniel"]
[Result "1/2-1/2"]
[WhiteElo "1222"]
[BlackElo "1111"]
[PlyCount "43"]
[EventDate "2002.04.??"]
[EventType "swiss"]
[EventRounds "7"]
[EventCountry "GER"]
[SourceTitle "EXT 2004"]
[Source "ChessBase"]
[SourceDate "2003.11.25"]
[SourceVersion "1"]
[SourceVersionDate "2003.11.25"]
[SourceQuality "1"]

1. Nf3 d5 2. g3 Nc6 3. Bg2 e5 4. d3 Be6 5. 0-0 Bd6 6. e4 dxe4 7. dxe4 h6 8. Nc3 Nf6 9. a3 Qd7 10. Re1 Bh3 11. Nd5 Bxg2 12. Kxg2 0-0-0 13. c4 a6 14. Nh4 Nxd5 15. cxd5 Ne7 16. Be3 f6 17. b4 g5 18. Nf3 h5 19. h4 gxh4 20. Nxh4 f5 21. Bg5 f4 22. Qf3 1/2-1/2